01487cam a2200337 i 4500020001800000020001500018040000800033041000800041082002600049100002000075245006800095250002400163300004700187490004300234500006900277500007000346520039800416650002800814650002800842650002200870650002300892650002800915650002800943650002200971650002400993650002601017650001201043700001601055710003801071710004001109 a9784924971387 a4924971383 cLWU1 hjpn04a306 INT 2014 A066 Or.1 aMiura, Atsushi,14aThe rise of sharing :bfourth-stage consumer society in Japan / a1st English edition axxiv, 350 pages :billustrations ;c24 cm.1 aLTCB international library selection ; a"LTCB International Library Trust/International House of Japan." aTranslation of: Daiyon no shò„hi : tsunagari o umidasu shakai e. aMiura Atsushi draws on more than three decades of experience on the front lines of Japanese marketing research to track the four stages Japan's consumer society has traversed since th turn of the century to th present. Looking forward, he both documents the emergence of a new sharing society in Japan, and offers survival strategies for business in a people-centric, post-materialist economy. 0aConsumption (Economics) 0aConsumption (Economics) 0aConsumer behavior 7aConsumer behavior. 7aConsumption (Economics) 7aConsumption (Economics) 7aEconomic history. 7aKonsumgesellschaft. 7aVerbraucherverhalten. 7aTeilen.1 aLewis, Dana2 aLTCB International Library Trust.2 aKokusai Bunka Kaikan (Tokyo, Japan)